Statistics for Synonyms of singers

Click here to take the quiz!

General Stats

  • This quiz has been taken 7 times
  • The average score is 2 of 12

Answer Stats

HintAnswer% Correct
RibenaRihanna
60%
Mickey JickeyMicheal Jackson
40%
T-Rex ShaunTaylor Swift
40%
Perry the platypusKaty Perry
20%
Oily UKOli London
20%
Oggy roachOlivia Rodrigo
20%
AnardAdele
0%
BenardBeyoncé
0%
BobbyBillie Eilish
0%
Uncle behind your wallsBoynextdoor
0%
Long schtickdick Lee
0%
RowlingJungkook
0%

Score Distribution

Percentile by Number Answered

Percent of People with Each Score

Your Score History

You have not taken this quiz